000 00294nam a22001217a 4500
020 _a0-538-33530-0
082 _a621.381 BAD
100 _aBEDRKHAN,KAMIRAN.S
_965414
245 _aELECTRONICS PRINCIPLES AND APPLICAITONS
260 _aUSA
_bSOUTH WESTERN
_c1984
300 _a527P
942 _cBK
999 _c573632
_d573632